|
|
|
|
| LEADER |
01511nam a2200373 a 4500 |
| 001 |
000255485 |
| 003 |
CZ BrMZK |
| 005 |
20250902124622.0 |
| 007 |
ta |
| 008 |
010907s1997 xr e cze d |
| 015 |
|
|
|a cnb000302423
|
| 020 |
|
|
|a 80-7079-093-8
|
| 035 |
|
|
|a (OCoLC)39105214
|
| 040 |
|
|
|a BOA001
|b cze
|
| 041 |
1 |
|
|a cze
|a fre
|
| 072 |
|
7 |
|a 811.133.1
|x Francouzština
|2 Konspekt
|9 11
|
| 072 |
|
7 |
|a 37.016
|x Učební osnovy. Vyučovací předměty. Učebnice
|2 Konspekt
|9 22
|
| 080 |
|
|
|a 811.133.1
|2 MRF
|
| 080 |
|
|
|a (075.8)
|2 MRF
|
| 100 |
1 |
|
|a Priesolová, Janka,
|d 1952-
|7 mzk2004235087
|4 aut
|
| 245 |
1 |
0 |
|a Francouzsky od začátku :
|b (úvod k Základům francouzštiny pro ekonomy) /
|c Janka Priesolová
|
| 250 |
|
|
|a Vyd. 1.
|
| 260 |
|
|
|a Praha :
|b Vysoká škola ekonomická,
|c 1997
|
| 300 |
|
|
|a 51 s. ;
|c 21 cm
|
| 500 |
|
|
|a Určeno pro bakalářské stud. na VŠE Praha
|
| 650 |
0 |
7 |
|a francouzština
|7 ph135297
|2 czenas
|
| 655 |
|
7 |
|a učebnice vysokých škol
|7 fd133772
|2 czenas
|
| 710 |
2 |
|
|a Vysoká škola ekonomická v Praze.
|b Fakulta mezinárodních vztahů
|7 kn20010709400
|
| 910 |
|
|
|a BOA001
|b 2-1039.215
|b TK-0262.542
|
| 920 |
|
|
|a 000277059
|
| 990 |
|
|
|a BK
|
| 996 |
6 |
|
|b 2610061540
|c 2-1039.215
|l MZK
|r Sklad / do 1 hodiny
|n 9
|p p.v.
|w 000255485
|u 000010
|a 1
|e BOA001
|j MZK50
|s P
|
| 996 |
7 |
|
|b 2620009464
|c TK-0262.542
|l MZK
|r Sklad / do 24 hodin
|n 3
|p kup
|w 000255485
|u 000020
|a 1
|e BOA001
|j MZK50
|s A
|
| 996 |
7 |
|
|b 2620009465
|c TK-0262.542
|l MZK
|r Sklad / do 24 hodin
|n 3
|p kup
|w 000255485
|u 000030
|a 1
|e BOA001
|j MZK50
|s A
|